|
|
|
|
| LEADER |
00000ntmaa2200000 a 4500 |
| 001 |
vtls012083464 |
| 003 |
SK-MaSNL |
| 005 |
20260302094626.0 |
| 008 |
230802i1874 xo || 000 p slo |
| 035 |
|
|
|a urn:nbn:sk:snk-tm00ib5t
|
| 035 |
|
|
|a E4E5BB02-03F5-472C-BA3A-71F148805B95
|
| 040 |
|
|
|a SNKLA
|b slo
|c SNKLA
|e AACR2
|
| 041 |
0 |
|
|a slo
|
| 044 |
|
|
|a xo
|c SK
|
| 072 |
|
7 |
|a 821.162.4-1
|x Slovenská poézia
|2 konspekt
|
| 080 |
|
|
|a 025.171
|2 2011
|
| 080 |
|
|
|a 502.2
|2 2011
|
| 080 |
|
|
|a (0:82-14)
|2 2001
|
| 100 |
1 |
|
|a Hroboň, Samo Bohdan,
|d 1820-1894
|4 aut
|9 258611
|
| 245 |
1 |
0 |
|a Pieseň spievaná v deň Sv. Martina 1874
|b Svatojanská
|c Samo Ľubtowský
|
| 260 |
|
|
|a [Liptovská Sielnica?]
|c 1874-1877
|
| 300 |
|
|
|a 4 nečíslované strany
|b rukopis, voľný list
|c 22 cm
|
| 500 |
|
|
|a Obsahuje dve básne
|
| 500 |
|
|
|a Autor uvedený pod pseudonymom
|
| 500 |
|
|
|a Na konci prvej básne vysvetlivky
|
| 520 |
2 |
|
|a Príležitostná prírodná lyrika
|
| 555 |
0 |
|
|a Inventár rukopisov Literárneho archívu Matice slovenskej IX. Fondy 42 - 45. Martin : Matica slovenská 1980
|
| 561 |
|
|
|a Okrúhla pečiatka: Literárny archív Matice slovenskej Martin
|
| 561 |
|
|
|a Pečiatka: Prír. č. 826
|
| 650 |
0 |
7 |
|a príroda
|2 SNKPH
|9 3813
|
| 655 |
|
7 |
|a rukopisy
|2 SNKPH
|9 70548
|
| 655 |
|
7 |
|a lyrická poézia
|2 SNKPH
|9 70613
|
| 655 |
|
7 |
|a príležitostná poézia
|2 SNKPH
|9 86742
|
| 740 |
0 |
2 |
|a Svatojanská
|
| 852 |
|
|
|a Slovenská národná knižnica
|b Literárny archív
|
| 958 |
|
|
|a OF
|
| 958 |
|
|
|a LAVD
|
| 999 |
|
|
|c 1213921
|d 1215851
|
| 952 |
|
|
|a SNKLA
|b SNKLA
|c SNKLA_DEP
|y NEVYP
|7 0
|p 17A1230023
|o snk44 L 6
|0 0
|1 0
|4 0
|d 2022-01-14
|f 1
|l 0
|r 2026-02-24 23:21:03
|w 2026-02-24
|